| 000 | 02238nam a2200433 i 4500 | ||
|---|---|---|---|
| 001 | 21992350 | ||
| 003 | NUST | ||
| 005 | 20220825115207.0 | ||
| 008 | 210413t20212020nyua b 001 0beng | ||
| 010 | _a 2019461070 | ||
| 020 |
_a9780735224117 _q(trade) |
||
| 020 |
_a0735224110 _q(trade) |
||
| 020 |
_z9780735224100 _q(hardcover) |
||
| 020 |
_z0735224102 _q(hardcover) |
||
| 020 |
_z9780735224124 _q(ebook) |
||
| 020 |
_z0735224129 _q(ebook) |
||
| 038 | _aAzhar | ||
| 040 |
_aDLC _beng _erda _cDLC |
||
| 042 | _apcc | ||
| 043 | _an-us--- | ||
| 050 | 0 | 0 |
_aE312 _b.C66 2021 |
| 082 | 0 | 0 |
_a973.41092 _223 _bCOE |
| 100 | 1 |
_aCoe, Alexis, _eauthor. _995294 |
|
| 245 | 1 | 0 |
_aYou never forget your first : _ba biography of George Washington _cAlexis Coe. |
| 260 |
_aNew York, N.Y. _bPenguin Books, _c2021 |
||
| 264 | 4 | _c©2020 | |
| 300 |
_axlii, 261 pages : _billustrations ; _c22 cm |
||
| 336 |
_atext _btxt _2rdacontent |
||
| 337 |
_aunmediated _bn _2rdamedia |
||
| 338 |
_avolume _bnc _2rdacarrier |
||
| 504 | _aIncludes bibliographical references (pages 211-250) and index. | ||
| 505 | 0 | _aYou never forget your first: but you do misremember him -- Introduction: The thigh men of Dad history -- part 1. Reluctant rebel. His mother's son -- "Pleases my taste" -- "The world on fire" -- "Blow out my brains" -- The Widow Custis -- "I cannot speak plainer" -- "What manner of man I am" -- "The shackles of slavery" -- part 2. General George Washington's American Revolution: off the battlefied. Hardball with the Howe brothers -- The court of public opinion -- George Washington, Agent 711 -- Eight years away -- "From whence no traveller returns" -- part 3. Mr. President. Unretirement -- The Presidency; or, "The place of his execution" -- Infant nation -- "Political suicide" -- Farewell to "cunning, ambitious, and unprincipled men" -- part 5. "I die hard." Final Retirement -- " 'Tis well" -- Epilogue. | |
| 600 | 1 | 0 |
_aWashington, George, _d1732-1799. _995295 |
| 650 | 0 |
_aPresidents _zUnited States _vBiography. _97554 |
|
| 651 | 0 |
_aUnited States _xPolitics and government _y1783-1789. _995296 |
|
| 906 |
_a7 _bcbc _corigres _d1 _encip _f20 _gy-gencatlg |
||
| 942 |
_2ddc _cLC |
||
| 999 |
_c590657 _d590657 |
||